000 01681nam a22004578i 4500
001 BK0014137382
003 DLC
005 20241220141001.0
008 140417s2014 nyu d 000 1 eng
010 _a2014011983
020 _a9780385741415 : HRD
_c$18.99
020 _a0385741413 : HRD
_c$18.99
_z9780375984648 (el)
037 _bRandom House Childrens Books, Attn Order Entry 400 Hahn rd, Westminister, MD, USA, 21157
_nSAN 201-3975
040 _aDLC
_beng
_erda
_cDLC
050 0 0 _aPZ7.D2587
_bRul 2014
082 0 0 _a[Fic]
_223
084 _aJUV039050
_2bisacsh
092 _aFIC
092 _aDASHNER
100 1 _aDashner, James,
_d1972-
_951451
245 1 4 _aThe rule of thoughts / (Mortality Doctrine Book 2)
_cJames Dashner.
250 _aFirst edition.
260 _bRandom House Childrens Books
_c2014
263 _a1408
264 1 _aNew York :
_bDelacorte Press,
_c2014.
300 _a304
336 _atext
337 _aunmediated
338 _avolume
440 _aMortality Doctrine :
_v Book 2.
_96367061
500 _aSequel to: The eye of minds.
520 _a"Michael and his friends, Sarah and Bryson, are still being chased by a cyber-terrorist. And now the government is after them, too"--
650 1 _aComputer games
_vFiction.
_95730382
650 1 _aVirtual reality
_vFiction.
_95695056
650 1 _aCyberterrorism
_vFiction.
_95695057
650 1 _aTerrorism
_vFiction.
_95674384
650 1 _aScience fiction.
_96272914
650 7 _aJUVENILE FICTION / Social Issues / Emotions & Feelings.
_2bisacsh
_95683753
856 4 2 _3Cover image
_u9780553411430.jpg
942 _cBOOK
_2ddc
999 _c110998
_d110998